000 00374nam a2200169Ia 4500
008 210210b1877 xxu||||| |||| 00| 0 eng d
041 _aeng
082 _a828/353
100 _aKNIGHT (A G)
245 _aLife of Columbus
260 _aLondon
_bBurns & oates,
_c1877
650 _aof
650 _aLife
650 _aColumbus
690 _aBiography
906 _a016198
999 _c135608
_d135608